Đánh giá tác động của biến đổi khí hậu lên phát triển kinh tế xã hội tỉnh Bình Thuận theo kịch bản của Bộ Tài nguyên Môi trường và đề xuất các giải pháp ứng phó : Luận văn Thạc sỹ Chuyên ngành : Quản lý Tài nguyên & môi trường

Spremljeno u:
Bibliografski detalji
Glavni autor: Lê Văn Bé
Format: Luận văn
Jezik:Undetermined
Izdano: Trường Đại học Công Nghiệp Tp. Hồ Chí Minh 2013
Teme:
Oznake: Dodaj oznaku
Bez oznaka, Budi prvi tko označuje ovaj zapis!
Thư viện lưu trữ: Trung tâm Thư viện - Trường Đại học Công nghiệp TP. Hồ Chí Minh
LEADER 00851nam a2200157Ia 4500
001 UIH_00965
008 230809s9999 xx 000 0 und d
082 |a 628 
100 |a Lê Văn Bé 
245 0 |a Đánh giá tác động của biến đổi khí hậu lên phát triển kinh tế xã hội tỉnh Bình Thuận theo kịch bản của Bộ Tài nguyên Môi trường và đề xuất các giải pháp ứng phó : Luận văn Thạc sỹ Chuyên ngành : Quản lý Tài nguyên & môi trường 
245 0 |c Lê Văn Bé 
260 |b Trường Đại học Công Nghiệp Tp. Hồ Chí Minh 
260 |c 2013 
650 |a Quản lý môi trường; 
927 |a Luận văn 
980 |a Trung tâm Thư viện - Trường Đại học Công nghiệp TP. Hồ Chí Minh